LEADER 01278cam0-22004691i-450 001 990008594480403321 005 20191016155558.0 035 $a000859448 035 $aFED01000859448 035 $a(Aleph)000859448FED01 035 $a000859448 100 $a20071212d2007----km-y1itaa50------ba 101 0 $aita 102 $aIT 105 $a--------001cy 200 1 $aLezioni di inferenza statistica$fLuigi D'Ambra 205 $a4. ed 210 $aNapoli$cRCE$d2007 215 $a431 p.$d30 cm 225 1 $aDipartimento di matematica e statistica. Universitā "Federico II" Napoli$iSerie didattica 300 $aSegue appendice 610 0 $aInferenza statistica 676 $a519.5 676 $a519.52 676 $a519.54$v21$zita 700 1$aD'Ambra,$bLuigi$0367573 801 0$aIT$bUNINA$gRICA$2UNIMARC 901 $aBK 912 $a990008594480403321 952 $aIX-A-118$b10550$fMAS 952 $a123-I-8$b23148$fMA1 952 $aA / DAM 2$b4515$fBFS 952 $aMSSTAT64A$b19444$fDECBC 952 $aMSSTAT64B$b19445$fDECBC 952 $aMDSTAT64C$b19446$fDECBC 959 $aMAS 959 $aDECBC 959 $aMA1 959 $aBFS 962 $a62-XX 996 $aLezioni di inferenza statistica$9438004 997 $aUNINA LEADER 00917cam0-2200289 --450 001 9910747298903321 005 20231030112911.0 010 $a9791259947215 020 $aIT$b2022-5642 100 $a20231030d2022----kmuy0itay5050 ba 101 0 $aita 102 $aIT 105 $ay 001yy 200 1 $aChe cos'č la scienza?$eorigini e attualitā di una specializzazione del sapere come la praticano e l'intendono gli scienziati$econ un capitolo sulla didattica$fGraziano Cavallini 210 $aRoma$cAracne$d2022 215 $a281 p.$d24 cm 225 1 $a<>scrigno di Prometeo$v25 610 0 $aScienze$aStoria 676 $a509$v23$zita 700 1$aCavallini,$bGraziano$0161117 801 0$aIT$bUNINA$gREICAT$2UNIMARC 901 $aBK 912 $a9910747298903321 952 $aCOLLEZ. 3235 (25)$b962/2023$fFSPBC 959 $aFSPBC 996 $aChe cos'č la scienza$93574490 997 $aUNINA LEADER 02274oam 2200517 c 450 001 9910563030503321 005 20250605200626.0 024 7 $a10.3726/b12668 035 $a(CKB)4340000000238758 035 $a(oapen)https://directory.doabooks.org/handle/20.500.12854/29853 035 $a(PH02)9783954792368 035 $a(oapen)doab29853 035 $a(EXLCZ)994340000000238758 100 $a20240525d1986 uy 0 101 0 $ager 135 $aurnnunnnannuu 181 $ctxt$2rdacontent 182 $cc$2rdamedia 183 $acr$2rdacarrier 200 14$aDas Nominalsystem im Uspenskij Sbornik$fWolfgang Hock 205 $a1st, New ed. 210 $aFrankfurt a.M$cPH02$d1986 215 $a1 online resource (179 p.)$c, EPDF 225 0 $aSlavistische Beitra?ge$v202 300 $aPeter Lang GmbH, Internationaler Verlag der Wissenschaften 311 08$a3-95479-236-2 327 $aEinleitung - Orthographische, lautliche und syntaktische Merkmale - Das Nominal- und Pronominalsystem 330 $aDie vorliegende Arbeit ist eine Beschreibung des Nominalsystems im Uspenskij Sbornik, einer russisch-kirchenslavischen Sammelhandschrift aus dem 12.-13. Jahrhundert. Es handelt sich dabei um den a?ltesten erhaltenen ostslavischen Sammelband, der neben Werken der U?bersetzungsliteratur auch Werke ostslavischer Herkunft, das Skazanie von Boris und Gleb, das Skazanie von den Wundern der beiden Heiligen Roman und David und die Vita des Feodosij Pec?erskij entha?lt. Dazu kommen aus der a?ltesten Zeit des slavischen Schrifttums die Vita des Slavenapostels Method und die Laudatio fu?r Kyrill und Method, ferner eine Homilie u?ber Christi Himmelfahrt, die seit Kalajdovic? als Originalwerk des Exarchen Johannes gilt. 606 $aLanguage$2bicssc 610 $aAltkirchenslavisch 610 $aHock 610 $aLinguistik 610 $aLiteraturwissenschaft 610 $aNominalsystem 610 $aPhilologie 610 $aRussland 610 $aSbornik 610 $aUspenskij 615 7$aLanguage 700 $aHock$b Wolfgang$4aut$01323539 801 0$bPH02 801 1$bPH02 906 $aBOOK 912 $a9910563030503321 996 $aDas Nominalsystem im Uspenskij Sbornik$93036728 997 $aUNINA